000 00710nam a22002417a 4500
003 UA-OsUOA
001 24432
007 ta
008 20040218b un ||||| |||| 00| 0 ukr d
100 _aМаленво Э.
090 _a330.101.542
_bМ18
942 _cBK
040 _aUA-OsUOA
_brus
_cUA-OsUOA
_dUA-OsUOA
245 _aЛекции по микроэкономическому анализу
_cЭ. Маленво; Ред. К.А. БагриновскийРед. К.А.Багриновский
300 _a392 с.
_bІлюстрації
955 _a0
041 _arus
080 _a330.101.542
260 _aМосква
_bНаука
_c1985
044 _aRU
650 7 _2UDC
999 _c310703
_d310703